000
00275nam a2200121Ia 4500
008
190216s9999||||xx |||||||||||||| ||und||
100
_a
Devendra Sathyayem
245
0
_a
Hindi-Shui Bajar
260
_b
J K Book Centre
_c
2008
300
_a
176
650
_a
Hindi
942
_c
BK
999
_c
16676
_d
16676